000 00441nam a2200157Ia 4500
008 230917s9999||||xx |||||||||||||| ||und||
040 _e76046
_aMAIN
041 _aEnglish
082 _a658.3 S82P
100 _aSchultz, Duane P
245 0 _aPsychology and industry today: An introduction to industrial and organizational Psychology
250 _a3rd ed.
260 _aNew York
_bMacmillan
_c1982
300 _axiii, 509 p.
942 _cBK
999 _c38222
_d38222